世界前500人口的拼音与英语差一个字母的城市 - Statistics

General Stats
  • This quiz has been taken 22 times
    19 since last reset
  • The average score is 15 of 37
Answer Stats
Hint Answer % Correct
土耳其 安卡拉 Ankara
100%
哈萨克斯坦 阿斯塔纳 Astana
83%
阿联酋 迪拜 Dubai
78%
约旦 安曼 Amman
72%
印度 德里 Delhi
72%
孟加拉国 达卡 Dhaka
72%
爱尔兰 都柏林 Dublin
72%
古巴 哈瓦那 Havana
72%
刚果民主共和国 金沙萨 Kinshasa
72%
突尼斯 突尼斯 Tunis
72%
尼日利亚 阿布贾 Abuja
67%
卡塔尔 多哈 Doha
67%
巴拿马 巴拿马城 Panama City
67%
叙利亚 阿勒颇 Aleppo
56%
也门 萨那 Sana'a
56%
美国 迈阿密 Miami
50%
马里 巴马科 Bamako
44%
安哥拉 罗安达 Luanda
44%
塞内加尔 达喀尔 Dakar
39%
乌干达 坎帕拉 Kampala
33%
莫桑比克 马普托 Maputo
33%
印度 浦那 Pune
33%
尼日利亚 卡诺 Kano
28%
土耳其 安塔利亚 Antalya
22%
土耳其 布尔萨 Bursa
22%
哥伦比亚 卡利 Cali
22%
喀麦隆 杜阿拉 Douala
22%
尼日利亚 伊巴丹 Ibadan
11%
印度 坎普尔 Kanpur
11%
加纳 库马西 Kumasi
11%
美国 坦帕 Tampa
11%
美国 堪萨斯城 Kansas City
6%
俄罗斯 萨马拉 Samara
6%
印度 比莱 Bhilai
0%
印度 科塔 Kota
0%
印度 马杜赖 Madurai
0%
尼日利亚 迈杜古里 Maiduguri
0%
No matching quizzes found
Score Distribution
Percent of People with Each Score
Percentile by Number Answered
Your Score History
You have not taken this quiz since the last reset